000
00307nam a2200121Ia 4500
008
220216s9999 xx 000 0 und d
100
_a
Hurlston E H
245
0
_a
Use of substitute in rubber manufacture
260
_b
IRI Transactions
_c
1935
300
_a
295-301
650
_a
Rubber industry
942
_c
JS
999
_c
71963
_d
71963